|
|
|
|
| LEADER |
00797nam a2200205 a 4500 |
| 005 |
20151026132446.0 |
| 008 |
960221s1955 dcuabcdjdbkoqu001 0deng d |
| 003 |
ViArRB |
| 080 |
|
|
|a 796.358(540)
|b THA
|
| 100 |
|
|
|a Tharoor, Shashi
|9 8045
|
| 245 |
|
|
|a Shadows across the playing field
|b 60 years of India-Pakistan cricket
|c Shashi Tharoor and Shaharyar Khan
|
| 300 |
|
|
|a 189p.
|
| 653 |
|
|
|a Cricket-India-history
|a Cricket-Pakistan-History
|a India-Foreign relations-Pakistan
|a Pakistan-Foreign relations-India
|
| 700 |
|
|
|a Khan,Shaharyar
|9 13236
|
| 942 |
|
|
|c BK
|6 _
|
| 260 |
|
|
|a New Delhi
|b Lotus collection
|c 2009
|9 13237
|
| 500 |
|
|
|a
|
| 020 |
|
|
|a 9788174367181
|
| 999 |
|
|
|c 49235
|d 49235
|
| 952 |
|
|
|0 0
|1 0
|2 udc
|4 0
|6 796358540_THA
|7 0
|9 61967
|a UL
|b UL
|d 2010-06-16
|o 796.358(540) THA
|p 00063479
|r 2010-06-16
|w 2010-06-16
|y BK
|